UITU Library & LRC     

IOT based smart monitoring gadget for vechicles (Record no. 33611)

MARC details
000 -LEADER
fixed length control field 00488nam a2200133Ia 4500
008 - FIXED-LENGTH DATA ELEMENTS--GENERAL INFORMATION
fixed length control field 260210s9999 xx 000 0 und d
024 ## - OTHER STANDARD IDENTIFIER
Standard number or code 16B-161-EL, 16B-162-EL, 16B-188-EL & 16B-197-EL
082 ## - DEWEY DECIMAL CLASSIFICATION NUMBER
Classification number 621.310 KHA
100 ## - MAIN ENTRY--PERSONAL NAME
Personal name Danyal Khan, Ulasyar Khan Kakar, S.M. Raza Ali & Abdul Rafay Ahmed
245 #0 - TITLE STATEMENT
Title IOT based smart monitoring gadget for vechicles
260 ## - PUBLICATION, DISTRIBUTION, ETC.
Place of publication, distribution, etc. Karachi:
Name of publisher, distributor, etc. UITU,
Date of publication, distribution, etc. 2016
600 ## - SUBJECT ADDED ENTRY--PERSONAL NAME
Personal name Telecommunication Engineering
650 ## - SUBJECT ADDED ENTRY--TOPICAL TERM
Topical term or geographic name entry element Bachelor of Engineering (BE)

No items available.

Powered by Koha